00410nam a2200145Ia 4500008004100000041000900041082001500050100002000065245001400085260004000099300000800139650000800147999001700155952009200172230718s9999 xx 000 0 und d aEng. a301bMYN-S aMyneni, Dr. S.R 0aSocialogy aPakistanbAllahbad law agencyc2016 a656 aLaw c31343d31343 00104070aSIRC-LbSIRC-Ld2023-07-18l0o301 MYN-Sp26294r2023-07-18w2023-07-18yBK